| 000 | 00602nam a2200157 a 4500 | ||
|---|---|---|---|
| 001 | 000029673 | ||
| 005 | 20200930055724.0 | ||
| 008 | 110419s1991 dr r 000 0 spa d | ||
| 040 |
_aDO-SdBNP _bspa _cBNPHU |
||
| 082 |
_axxxx _bC322a |
||
| 245 | 0 | 0 | _aCarta apostólica de su santidad Juan Pablo II a los religiosos y religiosas de América Latina con motivo del V Centenario de la evangelización del nuevo mundo. |
| 260 |
_aSanto Domingo : _bMSC, _c1991. |
||
| 300 |
_a47 p. ; _c22 cm. |
||
| 504 | _aIncluye notas y referencias bibliográficas al pie de las páginas. | ||
| 590 | _aInventariado, 2019/BT | ||
| 999 |
_c29165 _d29165 |
||